Statistics for Fibonacci Sequence

Click here to take the quiz!

General Stats

  • This quiz has been taken 78 times
  • The average score is 17 of 18

Answer Stats

Answer% Correct
1
100%
13
100%
2
100%
21
100%
3
100%
34
100%
5
100%
8
100%
55
99%
144
97%
89
97%
233
95%
377
95%
610
92%
987
92%
1597
89%
2584
86%
4181
85%

Score Distribution

Percentile by Number Answered

Percent of People with Each Score

Your Score History

You have not taken this quiz